Central Library OPAC University of Rajshahi

শেষ জংশন / (Record no. 64341)

MARC details
000 -LEADER
fixed length control field 00747nam a2200229 a 4500
001 - CONTROL NUMBER
control field 64341
003 - CONTROL NUMBER IDENTIFIER
rucl marc code BD-RjUL
005 - DATE AND TIME OF LATEST TRANSACTION
control field 20211209081308.0
008 - FIXED-LENGTH DATA ELEMENTS--GENERAL INFORMATION
fixed length control field 170213s2001 bg ||||| |||| 00| 0 ben d
020 ## - INTERNATIONAL STANDARD BOOK NUMBER
Terms of availability : Tk.50.00
035 ## - SYSTEM CONTROL NUMBER
System control number (BD-RjUL)64471
040 ## - CATALOGING SOURCE
Original cataloging agency BD-RjUL
Language of cataloging ben
Transcribing agency BD-RjUL
Modifying agency BD-RjUL
041 ## - LANGUAGE CODE
Language code of text/sound track or separate title ben
082 ## - DEWEY DECIMAL CLASSIFICATION NUMBER
Edition number 23
Classification number 891.441
Author mark and year ISS 2001
100 ## - MAIN ENTRY--PERSONAL NAME
Personal name ইসলাম, আনোয়ারুল
9 (RLIN) 190984
245 10 - TITLE STATEMENT
Title শেষ জংশন /
Statement of responsibility, etc. আনোয়ারুল ইসলাম
260 ## - PUBLICATION, DISTRIBUTION, ETC. (IMPRINT)
Place of publication, distribution, etc. যশোর :
Name of publisher, distributor, etc. ফরিদা ইসলাম,
Date of publication, distribution, etc. ২০০১
300 ## - PHYSICAL DESCRIPTION
Pagination ৫৫ পৃ. ;
Size ২৩ সেমি.
650 ## - SUBJECT ADDED ENTRY--TOPICAL TERM
Topical term or geographic name as entry element বাংলা কবিতা
9 (RLIN) 117445
Topical term or geographic name as entry element Bengali Poetry
9 (RLIN) 146528
942 ## - ADDED ENTRY ELEMENTS (KOHA)
Source of classification or shelving scheme Dewey Decimal Classification
Koha item type Books
Holdings
Lost status Source of classification or shelving scheme Damaged status Not for loan Collection code Permanent Location Current Location Shelving location Date acquired Source of acquisition Total Checkouts Full call number Date last seen Copy number Koha item type
  Dewey Decimal Classification   Not For Loan Non-fiction Central Library, University of Rajshahi Central Library, University of Rajshahi Rare Book Section 10/12/2001 Gift   B 891.441 ISS 2001 13/02/2017 C-1 Books